|
|
|
|
| LEADER |
00000nab a2200000 a 4500 |
| 001 |
vtls000131688 |
| 003 |
SK-MaSNL |
| 005 |
20260303032253.0 |
| 008 |
111104c1982 xo 0 slo |
| 015 |
|
|
|a SNBRB19rr/mm-uuuuu
|
| 035 |
|
|
|a CL0141794
|
| 040 |
|
|
|a SNKBUCL
|b slo
|c SNKBUCL
|e AACR2
|
| 041 |
0 |
|
|a slo
|
| 044 |
|
|
|a xo
|c SK
|
| 080 |
|
|
|a 328
|2 1981
|
| 080 |
|
|
|a 323(100-11)(510)
|2 1981
|
| 100 |
1 |
|
|a (mn)
|4 aut
|9 841176
|
| 245 |
1 |
0 |
|a Nová ústava a päťročnica
|b O čom rokovalo zasadanie čínského parlamentu
|c (mn)
|
| 650 |
0 |
7 |
|a Celočínske zhromaždenie ľudových zástupcov
|2 snkbucl
|9 957138
|
| 655 |
|
7 |
|a články z novín a časopisov
|2 snkbucl
|9 267496
|
| 773 |
0 |
|
|t Práca
|g Roč. 37, č. 297 (15. 12. 1982), s. 3
|
| 850 |
|
|
|a Slovenská národná knižnica v Martine
|a MTA001
|
| 852 |
|
|
|a SNK
|b KIS3GCP
|
| 958 |
|
|
|a RK
|
| 992 |
|
|
|a RBX
|
| 999 |
|
|
|c 1663406
|d 1665336
|